000 00286nam a22001217a 4500
008 170627b xxu||||| |||| 00| 0 eng d
041 _aeng
080 _a511
100 _a21
101 _aSHP
245 _aDIAGNOSTIC TEACHING OF THE LANGUAGE ARTS
_cBURNS.P.C
942 _2udc
_cBK
999 _c19172
_d19172